000 00591nam a2200145 a 4500
008 150327s1978 ||||||||||||||||| || u
050 _aGOV.ZAM(02)1978/1
110 _aGovernment of the Republic of Zambia (GRZ)
245 1 4 _aThe Zambian parliament: 24th October, 1964 to 31st December, 1974
260 _aLusaka
_bNational Assembly
_c1978
300 _av, 93p. : ill.
350 _a0.00
650 _aLEGISLATIVE BODIES--ZAMBIA--HISTORY
995 _FCBU-MAIN LIBRARY (Kitwe)
_I0.00
_M1
_UAVAILABLE
_WMar 27, 2015
_ZZambiana Collection
999 _c62426
_d62426